Practical uses of the Wave Meter in Wireless Telegraphy / (Record no. 193933)
[ view plain ]
| 000 -LEADER | |
|---|---|
| fixed length control field | 00722 a2200157 4500 |
| 003 - CONTROL NUMBER IDENTIFIER | |
| control field | Nust |
| 005 - DATE AND TIME OF LATEST TRANSACTION | |
| control field | 20230315095012.0 |
| 040 ## - CATALOGING SOURCE | |
| Transcribing agency | Nust |
| 082 ## - DEWEY DECIMAL CLASSIFICATION NUMBER | |
| Classification number | 384.5,MAU |
| 100 ## - MAIN ENTRY--PERSONAL NAME | |
| Personal name | J. O. Mauborgne |
| 9 (RLIN) | 110291 |
| 245 ## - TITLE STATEMENT | |
| Title | Practical uses of the Wave Meter in Wireless Telegraphy / |
| Statement of responsibility, etc. | J. O. Mauborgne |
| 260 ## - PUBLICATION, DISTRIBUTION, ETC. | |
| Place of publication, distribution, etc. | London |
| Name of publisher, distributor, etc. | McGraw-Hill |
| Date of publication, distribution, etc. | 1913 |
| 300 ## - PHYSICAL DESCRIPTION | |
| Extent | 74pages |
| 505 ## - FORMATTED CONTENTS NOTE | |
| Formatted contents note | General Remarks (Page-1), Types of Wave Meters in use in the U.S. Signal Corps (Page-11), Uses of Wave Meters (Page-20), Tuning the Sending Station (Page-22), Measurement of Damping and Logarithmic Decrement (Page-31), Measurement of Wave length of the receiving station (Page-48), Measurements of Capacity and Inductance (Page-59). |
| 942 ## - ADDED ENTRY ELEMENTS (KOHA) | |
| Source of classification or shelving scheme | |
| Koha item type | Book |
| Withdrawn status | Lost status | Source of classification or shelving scheme | Damaged status | Not for loan | Permanent Location | Current Location | Shelving location | Date acquired | Full call number | Barcode | Date last seen | Price effective from | Koha item type | Public note |
|---|---|---|---|---|---|---|---|---|---|---|---|---|---|---|
| Military College of Signals (MCS) | Military College of Signals (MCS) | General Stacks | 12/12/2016 | 384.5,MAU | MCS29791 | 12/08/2016 | 12/12/2016 | Book | Almirah No.74, Shelf No.4 |
